ბათუმის შოთა რუსთაველის სახელმწიფო უნივერსიტეტის ბიბლიოთეკა

ფიქრიანი შემოდგომა (ბიბ.ჩანაწერი № 48801)

000 -LEADER
fixed length control field 01130nam a2200241Ia 4500
001 - CONTROL NUMBER
control field 15703
003 - CONTROL NUMBER IDENTIFIER
control field GE_BSU
008 - FIXED-LENGTH DATA ELEMENTS--GENERAL INFORMATION
fixed length control field 181216s||||||||xx |||||||||||||| ||und||
040 ## - CATALOGING SOURCE
Transcribing agency GE_BSU
080 ## - UNIVERSAL DECIMAL CLASSIFICATION NUMBER
Universal Decimal Classification number 821.353.1-1
100 ## - MAIN ENTRY--PERSONAL NAME
Personal name წერეთელი, ნუგზარ
245 ## - TITLE STATEMENT
Title ფიქრიანი შემოდგომა
245 ## - TITLE STATEMENT
Remainder of title ლექსები
245 ## - TITLE STATEMENT
Statement of responsibility, etc. რედ.ზ.კილაძე. მხატვ.გ.წერეთელი
260 ## - PUBLICATION, DISTRIBUTION, ETC.
Place of publication, distribution, etc. თბილისი
260 ## - PUBLICATION, DISTRIBUTION, ETC.
Name of publisher, distributor, etc. საბჭ. საქართველო
260 ## - PUBLICATION, DISTRIBUTION, ETC.
Date of publication, distribution, etc. 1987
300 ## - PHYSICAL DESCRIPTION
Extent 167გვ. ; 16სმ.
653 ## - INDEX TERM--UNCONTROLLED
Uncontrolled term ლექსები
653 ## - INDEX TERM--UNCONTROLLED
Uncontrolled term უპირველესი არის მამული; გზებზე დაწერილი სტრიქონები; ლირიკული რვეულის ფურცლებიდან; ტკივილით სავსე გახსენებები; სხვადასხვა რკალის ლექსები
653 ## - INDEX TERM--UNCONTROLLED
Uncontrolled term ფიქრიანი შემოდგომა
942 ## - ADDED ENTRY ELEMENTS (KOHA)
Koha item type წიგნი
ეგზემპლარები
Withdrawn status Lost status Damaged status Not for loan Date acquired Barcode Date last seen Price effective from Koha item type
        2018-12-17 38975 2018-12-17 2018-12-17 წიგნი
        2018-12-17 38976 2018-12-17 2018-12-17 წიგნი